| 000 | 00712nam a2200145 4500 | ||
|---|---|---|---|
| 008 | 759.945 R165c | ||
| 082 |
_a759.945 _bR165c |
||
| 100 |
_aRama, Carol _96697 |
||
| 245 | _aCarol Rama | ||
| 260 |
_aTorino _bFranco Masoero Edizioni d´Arte _c1999 |
||
| 300 |
_a70 p. _bill (col) _c28 x 21 |
||
| 505 |
_tVerifica purovisibilistica su Carol Rama _rDario Trento _tA purevisibilistic view of Carol Rama _rDario Trento _tLe parche / The parcae _tVenticinque acquaforti / Twenty-five etchings _tNotizia biografica _rMaria Perosino _tBiographical note _rMaria Perosino _tCatalogo delle incisioni / Catalogue of the engravings |
||
| 600 |
_xVanguardia _xarte - exhibiciones _xarte - pintura _xItalia _96698 |
||
| 700 |
_aTrento, Dario _96699 |
||
| 999 |
_c1623 _d1623 |
||